MARC details
| 000 -CABECERA |
| campo de control de longitud fija |
00908nam a2200193 a 4500 |
| 005 - FECHA Y HORA DE LA ÚLTIMA TRANSACCIÓN |
| campo de control |
20210219160131.0 |
| 008 - ELEMENTOS DE LONGITUD FIJA--INFORMACIÓN GENERAL |
| campo de control de longitud fija |
080818s1969 mx r 000 0 spa d |
| 035 ## - NÚMERO DE CONTROL DEL SISTEMA |
| Número de control de sistema |
UPN01000159282 |
| 049 ## - COLECCIÓN |
| Colección |
UNE |
| 080 ## - NÚMERO DE CLASIFICACIÓN DECIMAL UNIVERSAL |
| Número de la Clasificación Decimal Universal |
377 (861) 1962-68 UNI No.10. |
| 245 00 - MENCIÓN DE TÍTULO |
| Título |
Universidad industrial de Santander, Bucaramanga, Colombia : |
| Resto del título |
informe preparado para el gobierno de Colombia por la Organización de las Naciones Unidas para la Educación, la Ciencia y la Cultura, como Organismo participante y de ejecución del Programa de las Naciones Unidas para el Desarrollo correspondiente al periodo 1962-1968. |
| 260 ## - PUBLICACIÓN, DISTRIBUCIÓN, ETC. |
| Lugar de publicación, distribución, etc. |
París : |
| Nombre del editor, distribuidor, etc. |
UNESCO ; |
| Lugar de publicación, distribución, etc. |
Nueva York : |
| Nombre del editor, distribuidor, etc. |
PNUD, |
| Fecha de publicación, distribución, etc. |
1969. |
| 300 ## - DESCRIPCIÓN FÍSICA |
| Extensión |
38 p. : |
| Otras características físicas |
retrs., fot. |
| 440 #0 - MENCIÓN DE SERIE/ASIENTO SECUNDARIO--TÍTULO |
| Título |
Informe ; |
| Designación de volumen o secuencia |
10 |
| 690 ## - PUNTO DE ACCESO ADICIONAL DE MATERIA LOCAL--TÉRMINO DE MATERIA (OCLC, RLIN) |
| Término de materia o nombre geográfico como elemento inicial |
Enseñanza tecnica - Colombia |
| 690 ## - PUNTO DE ACCESO ADICIONAL DE MATERIA LOCAL--TÉRMINO DE MATERIA (OCLC, RLIN) |
| Término de materia o nombre geográfico como elemento inicial |
Enseñanza tecnica superior - Colombia |
| 710 2# - ASIENTO SECUNDARIO - NOMBRE CORPORATIVO |
| Nombre de entidad corporativa o nombre de jurisdicción como elemento de entrada |
Programa de las Naciones Unidas para el Desarrollo |
| 905 ## - TIPO DE MATERIAL |
| Tipo de material |
UNESCO |